Les chanteurs des années 60-70 - Statistiques

Statistiques générales
  • Ce quiz a été pris 133 fois
  • Le résultat moyen est 11 sur 15
Statistiques - réponses
Hint Réponse % Correct
Les Champs-Elysées Joe Dassin
94%
Mourir sur scène, Bambino Dalida
92%
Vanina Dave
87%
Les Copains d’abord Georges Brassens
87%
Couleur menthe à l'eau Eddy Mitchell
85%
Santiano Hugues Aufray
85%
La Bonne du curé Annie Cordy
84%
En chantant Michel Sardou
81%
Sea, Sex & Sun Serge Gainsbourg
79%
Les Comédiens Charles Aznavour
72%
Les Cornichons, Le Téléfon Nino Ferrer
67%
Et j'entends siffler le train Richard Anthony
59%
Rosalie Carlos
55%
Le Chiffon rouge Michel Fugain
28%
Danse-la, chante-la Sylvie Vartan
21%
Aucun quiz correspondant
Distribution des résultats
% des personnes avec chaque résultat
Percentile par nombre de réponses
Votre historique - résultats
Vous n’avez pas pris ce quiz